000 01733cam a22004934i 4500
003 PE-LiUPU
005 20250731165642.0
008 150616s r 000 0 d
020 _a019521031X
035 _a(Sirsi) i9780195210316
040 _aPE-LiUPU
_bspa
_cPE-LiUPU
_erda
049 _aPRUA
082 0 4 _a225.92203
_bB84/d
_221
100 1 _aBrownrigg, Ronald,
_eautor.
245 1 0 _aWho's Who in the New Testament /
_cRonald Brownrigg.
264 1 _aNew York :
_bOxford University Press,
_c1993.
300 _a286 páginas ;
_c23 centímetros
336 _atext
_2rdacontent
337 _aunmediated
_2rdamedia
338 _avolume
_2rdacarrier
505 0 _aThe background of the land -- The time of Jesus's birth -- How the Gospels came to be written -- The spreading of the Gospel -- Interpretation of Jesus's message -- The formation of the New Testament Jesus Gospel New testament.
526 _aSEG44
526 _aSEG26
526 _aP151
526 _aP150
526 _aP149
526 _aP146
526 _aP145
526 _aP126
526 _aP125
526 _aP92
526 _aP75
526 _aP74
526 _aP27
526 _aP15
630 _aBiblia.
_pN.T.
_vBiografías.
910 _ajck
_bjvq
_cjck
942 _2ddc
_cBOOK
949 _aRC 225.92203 B84/D
_wDEWEY
_c1
_i40617
_lCCODEBUL1
_mBUL
_r0
_sY
_tBOOK
_u2015-6-16
_xTEOLOGIA
_zUNKNOWN
_0COMPRA
_o.STAFF. Colección General
994 _aC0
_bPEPRU
596 _a1
999 _aRC 225.92203 B84/D
_wDEWEY
_c58404
_i40617
_f2021-11-8
_g6
_lCCODEBUL1
_mBUL
_r1
_sY
_tBOOK
_u2015-6-16
_xTEOLOGIA
_zUNKNOWN
_0COMPRA
_o.STAFF. Colección General
_d58404
980 _81
_gALBERTO SANCHEZ Responsable de Automatización